Gestión de la propiedad intelectual e innovación en Agricultura y en Salud: un manual de buenas prácticas
Uloženo v:
| Korporace: | , |
|---|---|
| Médium: | Kniha |
| Jazyk: | španělština |
| Vydáno: |
Santiago
FIA
2010
|
| Vydání: | 1a. ed |
| Témata: | |
| Tagy: |
Přidat tag
Žádné tagy, Buďte první, kdo vytvoří štítek k tomuto záznamu!
|
MARC
| LEADER | 00000cam a2200000 a 4500 | ||
|---|---|---|---|
| 001 | UCC1023 | ||
| 003 | CL-VaPUC | ||
| 008 | 170922e20100000cl |||||||||||||||||spa|d | ||
| 020 | |a 9789563280876o.c | ||
| 082 | 0 | 4 | |a 346.83048 |b FIA |2 21 |
| 110 | 2 | |a FIA |e author |9 595001 | |
| 710 | 2 | |a Fundación para la Innovación Agraria |e author |9 595002 | |
| 245 | 1 | 0 | |a Gestión de la propiedad intelectual e innovación en Agricultura y en Salud: un manual de buenas prácticas |
| 250 | |a 1a. ed | ||
| 300 | |a t | ||
| 942 | |c BK | ||
| 945 | |d 20170922 16:51:00 |a dcastane | ||
| 260 | |a Santiago |b FIA |c 2010 | ||
| 650 | 0 | |a Derecho de autor |9 332641 | |
| 650 | 0 | |a Propiedad intelectual |9 256126 | |
| 650 | 0 | |a Agricultura |9 255598 | |
| 650 | 0 | |a Medidas de seguridad |9 264085 | |
| 650 | 7 | |a INNOVACION AGRARIA |2 CL-VaPUC |9 595003 | |
| 583 | |a last modification |c 20170922 16:51:00 |k Rodrigo Vera | ||
| 999 | |c 369621 |d 369619 | ||
| 952 | |0 0 |1 0 |3 erd |4 0 |6 346_830480000000000_FIA_2010 |7 0 |8 A |9 485549 |a BIBAGR |b BIBAGR |h t.1 |i 5425255 |o 346.83048 FIA 2010 |p 5425255 |r 2025-01-20 |w 2019-11-24 |y BK |z Catalogado en:20170922 |k AGR | ||
| 952 | |0 0 |1 0 |3 erd |4 0 |6 346_830480000000000_FIA_2010 |7 0 |8 A |9 485550 |a BIBAGR |b BIBAGR |h t.2 |i 5425263 |o 346.83048 FIA 2010 |p 5425263 |r 2025-01-20 |w 2019-11-24 |y BK |z Catalogado en:20170922 |k AGR | ||